| 000 | 00367nam a2200145Ia 4500 | ||
|---|---|---|---|
| 005 | 20251222143230.0 | ||
| 008 | 251222s9999||||xx |||||||||||||| ||spa|| | ||
| 020 | _a8484680290 | ||
| 082 | _a305.868.85/L12 | ||
| 100 | _aLabrador Fernández, Jesús | ||
| 245 | 0 | _aIdentidad e Inmigración | |
| 250 | _a1ra.ed. | ||
| 264 | _bOrtega Ediciones Gráficas | ||
| 942 | _cLIB | ||
| 999 |
_c14149 _d14149 |
||